Autobiografía; selección de poesías /

Guardado en:
Autor Principal: Guido Spano, Carlos
Formato: Libro
Publicado: Argentina : Hemisferio, 1954
Materias:
Etiquetas: Agregar Etiqueta
Sin Etiquetas, Sea el primero en etiquetar este registro!
LEADER 00431nam a22001455a 4500
001 CEM.cems003065
005 19000101000000.0
008 130507s1954##################000#0#####d
003 CEMS
082 0 4 |a 928 
100 1 |a Guido Spano, Carlos 
245 1 0 |a Autobiografía; selección de poesías /  |c Carlos Guido Spano 
260 |a Argentina :  |b Hemisferio,  |c 1954 
653 |a Biografias 
859 |a CEMS  |b BIB. CEMS - 11 de abril  |h 928  |i G942  |p 9201.81  |t Ej.1